UBT Library

THE NEW ENCYCLOPEDIA OF UNBELIEF (Record no. 59776)

000 -LEADER
fixed length control field 00324nam a22001457a 4500
008 - FIXED-LENGTH DATA ELEMENTS--GENERAL INFORMATION
fixed length control field 230518b ||||| |||| 00| 0 eng d
020 ## - INTERNATIONAL STANDARD BOOK NUMBER
International Standard Book Number 9781591023913
041 ## - LANGUAGE CODE
Language code of text/sound track or separate title eng
080 ## - UNIVERSAL DECIMAL CLASSIFICATION NUMBER
Universal Decimal Classification number 030
082 ## - DEWEY DECIMAL CLASSIFICATION NUMBER
Classification number 030FLY
100 ## - Rafti
Rafti 44
101 ## - Shkurtesa
Shkurtesa ENC
245 ## - TITLE STATEMENT
Title THE NEW ENCYCLOPEDIA OF UNBELIEF
Statement of responsibility, etc FLYNN .T
942 ## - ADDED ENTRY ELEMENTS (KOHA)
Source of classification or shelving scheme
Item type Books
Holdings
Withdrawn status Lost status Source of classification or shelving scheme Damaged status Not for loan Collection code Permanent location Current location Date acquired Total Checkouts Full call number Barcode Date last seen Price effective from Koha item type
          Koleksioni i përgjithshem UBT - Lipjan UBT - Lipjan 05/18/2023   030FLY 002-800080322 05/18/2023 05/18/2023 Books
UBT Library © 2015-2024. All rights reserved University Education for Business and Technology